Central Library OPAC University of Rajshahi

History of the reign of Ferdinand and Isabella, the Catholic / (Record no. 26351)

MARC details
000 -LEADER
fixed length control field 00886nam a2200241I 4500
001 - CONTROL NUMBER
control field 26351
003 - CONTROL NUMBER IDENTIFIER
rucl marc code BD-RjUL
005 - DATE AND TIME OF LATEST TRANSACTION
control field 20211209051014.0
008 - FIXED-LENGTH DATA ELEMENTS--GENERAL INFORMATION
fixed length control field 140322s1962 enkb eng d
035 ## - SYSTEM CONTROL NUMBER
System control number (BD-RjUL)26421
040 ## - CATALOGING SOURCE
Original cataloging agency BOS
Language of cataloging eng
Transcribing agency ORL
Modifying agency OCL
-- m.c.
-- BD-RjUL
041 ## - LANGUAGE CODE
Language code of text/sound track or separate title eng
082 04 - DEWEY DECIMAL CLASSIFICATION NUMBER
Classification number 946.03
Author mark and year PRH 1962
100 1# - MAIN ENTRY--PERSONAL NAME
Personal name Prescott, William Hickling,
Dates associated with a name 1796-1859.
9 (RLIN) 81029
245 10 - TITLE STATEMENT
Title History of the reign of Ferdinand and Isabella, the Catholic /
Statement of responsibility, etc. William Hickling Prescott; Abridged and ed. by C. Harvey Gardiner.
260 ## - PUBLICATION, DISTRIBUTION, ETC. (IMPRINT)
Place of publication, distribution, etc. Carbondale, Ill. :
Name of publisher, distributor, etc. Southern Illinois University Press,
Date of publication, distribution, etc. 1962.
300 ## - PHYSICAL DESCRIPTION
Pagination 303 p. :
Illustrations maps;
Size 22 cm.
600 00 - SUBJECT ADDED ENTRY--PERSONAL NAME
Personal name Ferdinand
Titles and other words associated with a name King of Spain,
Dates associated with a name 1452-1516.
Personal name Isabella
Titles and other words associated with a name Queen of Spain,
Dates associated with a name 1451-1504.
651 #0 - SUBJECT ADDED ENTRY--GEOGRAPHIC NAME
Geographic name Spain
General subdivision History
Chronological subdivision Ferdinand and Isabella, 1479-1516.
9 (RLIN) 81032
942 ## - ADDED ENTRY ELEMENTS (KOHA)
Source of classification or shelving scheme Dewey Decimal Classification
Koha item type Books
Holdings
Lost status Source of classification or shelving scheme Damaged status Not for loan Collection code Permanent Location Current Location Shelving location Date acquired Source of acquisition Cost, normal purchase price Total Checkouts Full call number Date last seen Copy number Koha item type
  Dewey Decimal Classification     Non-fiction Central Library, University of Rajshahi Central Library, University of Rajshahi   10/09/1969 Zeitlinger. 35.00   946.03 PRH 1962 22/03/2014 C-4 Books